| 000 | 00804cad a22001815a 4500 | ||
|---|---|---|---|
| 001 | E152329 | ||
| 008 | 110221s2010 xxk f 000 0 eng d | ||
| 035 | _a(Sirsi) u152329 | ||
| 041 | 0 | _aeng | |
| 110 | 2 |
_aCommission for Rural Communities _94993 |
|
| 245 | 0 | 0 |
_aRural economies intelligence _bDecember 2010, rural housing _h[electronic resource] |
| 260 |
_a[S.l.] _bCRC _c2010 |
||
| 520 | _aDiscusses the impact of the credit crunch on rural housing. Suggests that rural housing still remains more unaffordable than housing in urban areas. | ||
| 651 | 4 |
_aEngland _y886- |
|
| 690 | _aPROPERTY-RESIDENTIAL PROPERTY-DOMESTIC RESIDENTIAL PROPERTY-HOUSING | ||
| 856 | 4 | 0 |
_uhttps://ruralcommunities.gov.uk/2011/01/07/rural-housing/ _zView the item free of charge at http://ruralcommunities.gov.uk |
| 942 | _n0 | ||
| 999 |
_c112000 _d112000 |
||